000 00561nam a2200229Ia 4500
003 OSt
005 20221005131644.0
006 a|||||r|||| 00| 0
007 ta
008 221004b |||||||| |||| 00| 0 eng d
024 _a59613
037 _cTextual
040 _aCRL
_cCRL
_beng
041 _2eng
_aeng
082 _aV2:25xM89w, K51
100 _aKanwar Lal
_942630
245 0 _aStory of Jawaharlal Nehru
260 _c1965
650 _aHISTORY
942 _hV2:25xM89w, K51
_cTEXL
_2cc
999 _c1061028
_d1061028